MARC details
| 000 -LEADER |
| fixed length control field |
01971cam a2200397 a 4500 |
| 001 - CONTROL NUMBER |
| control field |
sky204564035 |
| 003 - CONTROL NUMBER IDENTIFIER |
| control field |
SKY |
| 005 - DATE AND TIME OF LATEST TRANSACTION |
| control field |
20260128160644.0 |
| 008 - FIXED-LENGTH DATA ELEMENTS--GENERAL INFORMATION |
| fixed length control field |
861007t20111946nyu 000 1 eng d |
| 010 ## - LIBRARY OF CONGRESS CONTROL NUMBER |
| LC control number |
pf 00006101 |
| 020 ## - INTERNATIONAL STANDARD BOOK NUMBER |
| International Standard Book Number |
9780062073853 |
| 020 ## - INTERNATIONAL STANDARD BOOK NUMBER |
| International Standard Book Number |
0062073850 |
| 040 ## - CATALOGING SOURCE |
| Original cataloging agency |
OCH |
| Language of cataloging |
eng |
| Transcribing agency |
OCH |
| Modifying agency |
OCL |
| -- |
LHA |
| -- |
OCLCQ |
| -- |
JRS |
| -- |
SKYRV |
| Description conventions |
rda |
| Modifying agency |
CoLwJCPL |
| 043 ## - GEOGRAPHIC AREA CODE |
| Geographic area code |
e-uk-en |
| 050 ## - LIBRARY OF CONGRESS CALL NUMBER |
| Classification number |
PR6005.H66 |
| Item number |
H6 1986 |
| 082 04 - DEWEY DECIMAL CLASSIFICATION NUMBER |
| Classification number |
823/.912 |
| Edition number |
20 |
| 092 ## - LOCALLY ASSIGNED DEWEY CALL NUMBER (OCLC) |
| Classification number |
adult fiction |
| 100 1# - MAIN ENTRY--PERSONAL NAME |
| Personal name |
Christie, Agatha, |
| Dates associated with a name |
1890-1976, |
| Relator term |
author. |
| 245 14 - TITLE STATEMENT |
| Title |
The hollow / |
| Statement of responsibility, etc |
Agatha Christie. |
| 250 ## - EDITION STATEMENT |
| Edition statement |
First Harper Paperback |
| 264 #1 - Production, Publication, Distribution, Manufacture, and Copyright Notice. |
| Place of production, publication, distribution, manufacture |
New York : |
| Name of producer, publisher, distributor, manufacturer |
Harper, |
| Date of production, publication, distribution, manufacture, or copyr |
2011. |
| 264 #4 - Production, Publication, Distribution, Manufacture, and Copyright Notice. |
| Date of production, publication, distribution, manufacture, or copyr |
2011. |
| Place of production, publication, distribution, manufacture |
New York : |
| Name of producer, publisher, distributor, manufacturer |
Harper, |
| 300 ## - PHYSICAL DESCRIPTION |
| Extent |
299 pages ; |
| Dimensions |
21 cm. |
| 336 ## - Content Type |
| Content type term |
text |
| 337 ## - Media type |
| Media type term |
unmediated |
| 338 ## - Carrier type |
| Carrier type term |
volume |
| 490 1# - SERIES STATEMENT |
| Series statement |
A Hercule Poirot Mystery ; |
| Volume number/sequential designation |
[25] |
| 520 ## - SUMMARY, ETC. |
| Summary, etc |
The victim--an extraordinarily vital, emotionally complex doctor--was the last person anyone expected to see lying dead by the pool. And his meek, befuddled wife was the last person anyone would expect to see standing over him with a gun. Did she really shoot her husband? Or is she merely a second victim in a brilliantly planned plot by a daring, cunning murderer? To find the answers, Poirot delves deep into the character of the victim and those in his sphere, sorting through colorful personalities and tangled emotions. But in doing so, he finds himself thwarted by a person who he calls "one of the best antagonists that I have ever had." |
| 650 #0 - SUBJECT ADDED ENTRY--TOPICAL TERM |
| Topical term or geographic name as entry element |
Poirot, Hercule (Fictitious character) |
| Form subdivision |
Fiction. |
| 9 (RLIN) |
5749407 |
| 650 #0 - SUBJECT ADDED ENTRY--TOPICAL TERM |
| Topical term or geographic name as entry element |
Private investigators |
| Geographic subdivision |
England |
| Form subdivision |
Fiction. |
| 9 (RLIN) |
5693765 |
| 650 #0 - SUBJECT ADDED ENTRY--TOPICAL TERM |
| Topical term or geographic name as entry element |
Murder |
| General subdivision |
Investigation |
| Form subdivision |
Fiction. |
| 9 (RLIN) |
5673630 |
| 651 #0 - SUBJECT ADDED ENTRY--GEOGRAPHIC NAME |
| Geographic name |
England |
| Form subdivision |
Fiction. |
| 9 (RLIN) |
5673623 |
| 655 #7 - INDEX TERM--GENRE/FORM |
| Genre/form data or focus term |
Detective and mystery fiction. |
| Source of term |
lcgft. |
| 9 (RLIN) |
5683641 |
| 800 1# - SERIES ADDED ENTRY--PERSONAL NAME |
| Personal name |
Christie, Agatha, |
| Dates associated with a name |
1890-1976. |
| Title of a work |
Hercule Poirot mysteries ; |
| Volume/sequential designation |
25. |
| 9 (RLIN) |
5711852 |
| 942 ## - ADDED ENTRY ELEMENTS (KOHA) |
| Source of classification or shelving scheme |
Dewey Decimal Classification |
| Koha item type |
BOOK |